[Event "1st Abu Dhabi Super Blitz"]
[Site "chess.com INT"]
[Date "2020.04.15"]
[Round "4"]
[White "Gabuzyan, Hovhannes"]
[Black "Kashlinskaya, Alina"]
[Result "1-0"]
[WhiteTitle "GM"]
[BlackTitle "IM"]
[WhiteElo "2557"]
[BlackElo "2494"]
[WhiteFideId "13303732"]
[BlackFideId "4198026"]
[EventDate "2020.04.15"]
[EventType "blitz"]

1. Nf3 Nf6 2. g3 g6 3. Bg2 Bg7 4. O-O O-O 5. c4 c5 6. Nc3 d5 7. cxd5 Nxd5 8. Ng5
e6 9. Nge4 Nd7 10. Nd6 N7f6 11. Nxc8 Rxc8 12. Rb1 b6 13. Qa4 Qe7 14. Qc4 Rfd8
15. d3 Qd7 16. Bd2 Ne8 17. Qb5 Nec7 18. Qxd7 Rxd7 19. Rfc1 Rcd8 20. Be1 h5 21.
h3 Bd4 22. Kf1 Kg7 23. a3 a5 24. Na4 Rd6 25. e3 Bf6 26. d4 cxd4 27. e4 b5 28.
exd5 Nxd5 29. Nc5 Ra8 30. Nd3 Bd8 31. Rc5 Rb8 32. Bxd5 Rxd5 33. Rxd5 exd5 34.
Rc1 Kf6 35. Rc6+ Ke7 36. Ke2 Kd7 37. Ne5+ Ke7 38. Bd2 Ke8 39. Rc5 Rb6 40. Rxd5
Re6 41. Kd1 Bf6 42. Nd3 1-0

[Event "1st Abu Dhabi Super Blitz"]
[Site "chess.com INT"]
[Date "2020.04.15"]
[Round "4"]
[White "Praggnanandhaa, R"]
[Black "Nepomniachtchi, Ian"]
[Result "0-1"]
[WhiteTitle "GM"]
[BlackTitle "GM"]
[WhiteElo "2608"]
[BlackElo "2784"]
[WhiteFideId "25059530"]
[BlackFideId "4168119"]
[EventDate "2020.04.15"]
[EventType "blitz"]

1. e4 e6 2. d4 d5 3. Nc3 Bb4 4. e5 c5 5. a3 Bxc3+ 6. bxc3 Ne7 7. Qg4 cxd4 8.
cxd4 Qc7 9. Bd2 Qxc2 10. Rc1 Qe4+ 11. Qxe4 dxe4 12. Ne2 Nbc6 13. Be3 Nf5 14. Nc3
Ncxd4 15. Nxe4 O-O 16. Bxd4 Nxd4 17. Rc7 Rd8 18. Nd6 Nf5 19. Nxf5 exf5 20. Bc4
Rd7 21. Rxd7 Bxd7 22. Bd5 Rc8 23. Kd2 b6 24. Re1 Rc5 25. Bb3 Ra5 26. Re3 Kf8 27.
f4 Rxa3 28. Rc3 Be6 0-1

[Event "1st Abu Dhabi Super Blitz"]
[Site "chess.com INT"]
[Date "2020.04.15"]
[Round "4"]
[White "Andriasian, Zaven"]
[Black "Harutyunian, Tigran K."]
[Result "1-0"]
[WhiteTitle "GM"]
[BlackTitle "GM"]
[WhiteElo "2606"]
[BlackElo "2551"]
[WhiteFideId "13302000"]
[BlackFideId "13303635"]
[EventDate "2020.04.15"]
[EventType "blitz"]

1. Nf3 d5 2. c4 d4 3. d3 Nc6 4. g3 e5 5. Bg2 Bb4+ 6. Nbd2 a5 7. O-O Nf6 8. a3
Bc5 9. Rb1 O-O 10. b4 axb4 11. axb4 Nxb4 12. Nxe5 Re8 13. Ndf3 c6 14. Bd2 Na6
15. e3 dxe3 16. fxe3 Bf5 17. Qe2 Rb8 18. Rbe1 Ng4 19. Nxg4 Bxg4 20. h3 Bh5 21.
g4 Bg6 22. d4 Bd6 23. Bc3 b5 24. c5 Bf8 25. Ra1 Nc7 26. Ne5 Rxe5 27. dxe5 Bxc5
28. Rad1 Qe8 29. Bd4 Bf8 30. h4 c5 31. h5 cxd4 32. hxg6 hxg6 33. exd4 b4 34. Qc4
Ne6 35. Bd5 b3 36. Rxf7 Kxf7 37. Rf1+ Ke7 38. Bxe6 1-0

[Event "1st Abu Dhabi Super Blitz"]
[Site "chess.com INT"]
[Date "2020.04.15"]
[Round "4"]
[White "Cvitan, Ognjen"]
[Black "Shevchenko, Kirill"]
[Result "1-0"]
[WhiteTitle "GM"]
[BlackTitle "GM"]
[WhiteElo "2467"]
[BlackElo "2592"]
[WhiteFideId "14500086"]
[BlackFideId "14129574"]
[EventDate "2020.04.15"]
[EventType "blitz"]

1. d4 Nf6 2. c4 g6 3. Nc3 d5 4. cxd5 Nxd5 5. e4 Nxc3 6. bxc3 Bg7 7. Bc4 c5 8.
Ne2 Nc6 9. Be3 O-O 10. O-O Qc7 11. Rc1 a6 12. Qd2 b5 13. Bd5 e6 14. Bxc6 Qxc6
15. f3 Rd8 16. Bh6 Bh8 17. Qe3 Bb7 18. e5 Rac8 19. Bg5 Rd7 20. Ng3 Qd5 21. Rcd1
cxd4 22. cxd4 Qxa2 23. Rd2 Rc2 24. Rxc2 Qxc2 25. Rc1 Qb2 26. Ne4 h6 27. Bf6 Bg7
28. Bxg7 Kxg7 29. Nc5 Re7 30. h4 Bd5 31. Qf4 b4 32. Ne4 Bxe4 33. Qf6+ Kh7 34.
Rc8 Qxd4+ 35. Kh2 Re8 1-0

[Event "1st Abu Dhabi Super Blitz"]
[Site "chess.com INT"]
[Date "2020.04.15"]
[Round "4"]
[White "Kobo, Ori"]
[Black "Tanriverdi, Enes"]
[Result "1/2-1/2"]
[WhiteTitle "GM"]
[BlackTitle "IM"]
[WhiteElo "2449"]
[BlackElo "2399"]
[WhiteFideId "2812320"]
[BlackFideId "34543279"]
[EventDate "2020.04.15"]
[EventType "blitz"]

1. Nf3 Nf6 2. g3 g6 3. b3 Bg7 4. Bb2 O-O 5. Bg2 d5 6. c4 c6 7. O-O a5 8. Nc3 Re8
9. d4 Ne4 10. e3 Bf5 11. Nh4 Nxc3 12. Bxc3 Be6 13. Qe2 Nd7 14. cxd5 cxd5 15.
Rac1 Qb6 16. Nf3 Nf6 17. Ne5 a4 18. Rb1 Ne4 19. Be1 Rec8 20. f3 Nc3 21. Bxc3
Rxc3 22. bxa4 Qc7 23. f4 Bxe5 24. fxe5 Rxa4 25. Qb5 Rxa2 26. Bxd5 Bxd5 27. Qxd5
Qc4 28. Qd8+ Kg7 29. Qxe7 Rcc2 30. Qf6+ Kg8 31. Qd8+ Kg7 32. Qf6+ Kg8 1/2-1/2

[Event "1st Abu Dhabi Super Blitz"]
[Site "chess.com INT"]
[Date "2020.04.15"]
[Round "4"]
[White "Bordi, Kevin"]
[Black "Chigaev, Maksim"]
[Result "1-0"]
[BlackTitle "GM"]
[WhiteElo "2288"]
[BlackElo "2588"]
[WhiteFideId "621862"]
[BlackFideId "4108116"]
[EventDate "2020.04.15"]
[EventType "blitz"]

1. d4 Nf6 2. Bg5 g6 3. Bxf6 exf6 4. c4 d5 5. cxd5 Qxd5 6. Nc3 Bb4 7. e3 O-O 8.
Nf3 Qd8 9. g3 c6 10. Bg2 Nd7 11. O-O Bd6 12. a3 a5 13. d5 c5 14. Nb5 Nb6 15.
Nxd6 Qxd6 16. Nd2 f5 17. Rc1 Bd7 18. Qc2 Rac8 19. Rfd1 Rfe8 20. Qc3 a4 21. Qa5
c4 22. e4 Rc5 23. Qb4 Rec8 24. f4 Qc7 25. d6 Qd8 26. e5 Rb5 27. Qc3 Bc6 28. Bxc6
Rxc6 29. Qd4 Rbc5 30. Nb1 Nd7 31. Nc3 b5 32. Nd5 Nf8 33. Ne7+ Kg7 34. e6+ f6 35.
Nxc6 Rxc6 36. e7 Qe8 1-0

[Event "1st Abu Dhabi Super Blitz"]
[Site "chess.com INT"]
[Date "2020.04.15"]
[Round "4"]
[White "Puranik, Abhimanyu"]
[Black "Bauer, Christian"]
[Result "1-0"]
[WhiteTitle "GM"]
[BlackTitle "GM"]
[WhiteElo "2584"]
[BlackElo "2623"]
[WhiteFideId "5061245"]
[BlackFideId "603767"]
[EventDate "2020.04.15"]
[EventType "blitz"]

1. e4 Nc6 2. d4 d5 3. exd5 Qxd5 4. Nf3 e5 5. Nc3 Bb4 6. a3 Bxc3+ 7. bxc3 Bg4 8.
Be2 e4 9. Nd2 Bf5 10. Nf1 Bg6 11. Ne3 Qd7 12. Rb1 O-O-O 13. O-O f5 14. d5 Nb8
15. Qd4 b6 16. Bb5 Qe7 17. Qa4 a5 18. Qc4 Nf6 19. Ba6+ Nxa6 20. Qxa6+ Kd7 21.
Qb5+ Kc8 22. Rd1 Qc5 23. Qa6+ Kd7 24. d6 Ke6 25. dxc7 Rxd1+ 26. Nxd1 Nd7 27. Qb7
Qd5 28. Qxd5+ Kxd5 29. Bf4 Kc6 30. Ne3 Rc8 31. h4 Rxc7 32. Bxc7 Kxc7 33. c4 Kc6
34. g3 h6 35. Rb5 Nc5 36. Nd5 1-0

[Event "1st Abu Dhabi Super Blitz"]
[Site "chess.com INT"]
[Date "2020.04.15"]
[Round "4"]
[White "Sychev, Klementy"]
[Black "Edouard, Romain"]
[Result "1-0"]
[WhiteTitle "GM"]
[BlackTitle "GM"]
[WhiteElo "2572"]
[BlackElo "2649"]
[WhiteFideId "4114060"]
[BlackFideId "633429"]
[EventDate "2020.04.15"]
[EventType "blitz"]

1. e4 c5 2. Nf3 d6 3. d4 cxd4 4. Nxd4 Nf6 5. Nc3 Nc6 6. Bg5 g6 7. Bxf6 exf6 8.
Bb5 Bd7 9. Nde2 a6 10. Ba4 Be6 11. f4 Bg7 12. f5 Bc8 13. Qd2 h5 14. O-O-O Bh6
15. Nf4 O-O 16. g3 Ne5 17. Bb3 Kg7 18. Qxd6 Qxd6 19. Rxd6 gxf5 20. Kb1 Bxf4 21.
gxf4 Ng6 22. Rg1 Re8 23. Nd5 fxe4 24. Nxf6 Bg4 25. h3 Bxh3 26. Nxh5+ Kf8 27. Rf6
Nh8 28. Rg7 Re7 29. Rh7 Kg8 30. Rfh6 Ng6 31. Nf6+ Kf8 32. Rxh3 e3 33. Rh1 e2 34.
Re1 Rd8 35. Kc1 Rd6 36. Nh5 Re4 37. f5 Nf4 38. Rxf7+ 1-0

[Event "1st Abu Dhabi Super Blitz"]
[Site "chess.com INT"]
[Date "2020.04.15"]
[Round "4"]
[White "Tang, Andrew"]
[Black "Gozzoli, Yannick"]
[Result "1-0"]
[WhiteTitle "GM"]
[BlackTitle "GM"]
[WhiteElo "2538"]
[BlackElo "2600"]
[WhiteFideId "2059630"]
[BlackFideId "616915"]
[EventDate "2020.04.15"]
[EventType "blitz"]

1. d4 d5 2. Bf4 Bf5 3. c4 e6 4. Nc3 Nf6 5. e3 Bb4 6. Ne2 O-O 7. a3 Be7 8. Ng3
Bg6 9. h4 h6 10. h5 Bh7 11. Rc1 c6 12. cxd5 cxd5 13. Bd3 Bxd3 14. Qxd3 Nc6 15.
O-O Nd7 16. Rc2 Nb6 17. Rfc1 Qd7 18. Nf1 Rfc8 19. Nd2 Na5 20. Ncb1 Rxc2 21. Rxc2
Rc8 22. Rxc8+ Qxc8 23. Qb5 Nac4 24. Nf3 Qd7 25. Qb3 a6 26. Nc3 f6 27. Nh4 Bd6
28. Ng6 Bxf4 29. Nxf4 Qc6 30. Qc2 Nc8 31. Qe2 Qd7 32. Qg4 Kf7 33. Ncxd5 Nxb2 34.
Nc7 Ne7 35. Ncxe6 g5 36. hxg6+ Kg8 37. g7 Qe8 38. Nh5 Qf7 39. Nd8 Qg6 40. Qe6+
Kh7 41. Nxf6+ Kxg7 42. Qxe7+ Kh8 43. Qf8+ 1-0

[Event "1st Abu Dhabi Super Blitz"]
[Site "chess.com INT"]
[Date "2020.04.15"]
[Round "4"]
[White "Krzyzanowski, Marcin"]
[Black "Quparadze, Giga"]
[Result "1/2-1/2"]
[WhiteTitle "GM"]
[BlackTitle "GM"]
[WhiteElo "2521"]
[BlackElo "2463"]
[WhiteFideId "1132199"]
[BlackFideId "13602250"]
[EventDate "2020.04.15"]
[EventType "blitz"]

1. e4 c5 2. Nf3 e6 3. g3 Nc6 4. Bg2 Nf6 5. Qe2 e5 6. O-O d6 7. a3 Bg4 8. c3 Qd7
9. b4 Be7 10. d3 h5 11. Bg5 b6 12. Nbd2 Nd8 13. d4 cxd4 14. cxd4 Ne6 15. dxe5
Nxg5 16. exf6 Bxf6 17. Rac1 O-O 18. Qe3 Nh3+ 19. Kh1 Rae8 20. Qd3 Rd8 21. Ng1
Nxg1 22. Kxg1 h4 23. Nc4 Be6 24. Ne3 hxg3 25. hxg3 g6 26. Rfd1 Kg7 27. Rd2 Rh8
28. Rdc2 Rc8 29. Nd5 Rxc2 30. Rxc2 Bxd5 31. Qxd5 Rh5 32. Qd3 Qe6 33. Rc7 a5 34.
Bf1 axb4 35. axb4 d5 36. exd5 Rxd5 37. Qc4 Bd4 38. Kg2 Qf5 39. Qc2 Qf6 40. Bc4
Rf5 41. Rxf7+ Qxf7 42. Bxf7 Rxf2+ 43. Qxf2 Bxf2 44. Bxg6 Bxg3 45. Bd3 Be1 46. b5
Bb4 47. Kf3 Bc5 48. Ke4 Kf6 49. Kd5 Ke7 1/2-1/2

[Event "1st Abu Dhabi Super Blitz"]
[Site "chess.com INT"]
[Date "2020.04.15"]
[Round "4"]
[White "Cori, Jorge"]
[Black "Avalyan, Artur"]
[Result "0-1"]
[WhiteTitle "GM"]
[BlackTitle "FM"]
[WhiteElo "2652"]
[BlackElo "2342"]
[WhiteFideId "3802272"]
[BlackFideId "34164550"]
[EventDate "2020.04.15"]
[EventType "blitz"]

1. d4 Nf6 2. Nf3 d5 3. c4 e6 4. e3 a6 5. Nc3 dxc4 6. Bxc4 b5 7. Bd3 Bb7 8. O-O
Nbd7 9. Qe2 c5 10. Rd1 Qb6 11. a4 b4 12. Nb1 Be7 13. Nbd2 O-O 14. Nc4 Qc7 15. h3
Rac8 16. e4 cxd4 17. e5 Bxf3 18. Qxf3 Nxe5 19. Nxe5 Qxe5 20. Bf4 Qa5 21. Rdc1
Rxc1+ 22. Rxc1 Qxa4 23. Be5 Nd5 24. Bxd4 Rd8 25. b3 Qa2 26. Ra1 Qd2 27. Rd1 Qg5
28. Bxa6 Nc3 29. Rd3 g6 30. Bxc3 Qc1+ 31. Be1 Qxe1+ 32. Kh2 Qe5+ 33. g3 Qa5 34.
Bc4 h5 35. Kg2 Kg7 36. Re3 Bf6 37. Re4 Qa1 38. Re2 Rd1 39. Kh2 h4 40. Qg2 hxg3+
41. fxg3 Bd4 42. h4 Be5 43. Qf3 Bd6 44. Rf2 f5 45. Rf1 Rxf1 46. Bxf1 Qe5 47. Kh3
Kf6 48. Bc4 Qc3 49. Qe2 Qxg3# 0-1

[Event "1st Abu Dhabi Super Blitz"]
[Site "chess.com INT"]
[Date "2020.04.15"]
[Round "4"]
[White "Naroditsky, Daniel"]
[Black "Corrales Jimenez, Fidel"]
[Result "1/2-1/2"]
[WhiteTitle "GM"]
[BlackTitle "GM"]
[WhiteElo "2621"]
[BlackElo "2532"]
[WhiteFideId "2026961"]
[BlackFideId "3506690"]
[EventDate "2020.04.15"]
[EventType "blitz"]

1. Nf3 c5 2. e3 Nf6 3. b3 g6 4. Bb2 Bg7 5. d4 cxd4 6. Nxd4 O-O 7. Be2 d5 8. O-O
Nc6 9. Nxc6 bxc6 10. c4 e6 11. Nc3 Ne4 12. Qc2 Nxc3 13. Bxc3 a5 14. Rfd1 Qe7 15.
Bxg7 Kxg7 16. e4 Bb7 17. Bf3 Rfd8 18. exd5 cxd5 19. cxd5 Bxd5 20. Bxd5 exd5 21.
Rd4 Rac8 22. Qd2 Rc5 23. Rd1 Qf6 24. h3 h5 25. Ra4 Rdc8 26. Rxa5 Rxa5 27. Qxa5
Rc2 28. Qa7 d4 29. Qxd4 Qxd4 30. Rxd4 Rxa2 31. h4 Rb2 32. Rb4 Kf6 33. Rb7 Ke6
34. b4 Kf6 35. g3 Ke6 36. Kg2 Rb3 37. b5 Kf6 38. b6 Ke6 39. Rb8 Kf6 40. Kf1 Rb2
41. Ke1 Ke6 42. b7 Kf6 43. Kd1 Kg7 44. Kc1 Rb6 45. Kc2 Rb5 46. Kc3 Rb1 47. Kd4
Rb2 48. f3 Rb1 49. Kc3 Rb6 50. Kd4 Rb1 51. Ke5 Rb5+ 52. Kd6 Rb1 53. Kc6 Rc1+ 54.
Kd5 Rd1+ 55. Ke4 Rb1 56. Ke3 Rb6 57. g4 hxg4 58. fxg4 Rb1 59. Kd2 Rb6 60. Kc3
Rb1 61. Kc4 Rb2 62. Kc5 Rb1 63. Kc6 Rc1+ 64. Kb6 Rb1+ 65. Kc5 Rc1+ 66. Kd4 Rd1+
67. Kc3 Rb1 68. Kc2 Rb5 69. Kd2 Rb1 70. Ke2 Rb2+ 71. Kf3 Rb1 72. h5 gxh5 73.
gxh5 Rb3+ 74. Kf4 Rb1 75. h6+ Kh7 76. Kf5 Rb2 77. Kf6 Rb6+ 78. Kxf7 Rb1 79. Ke7
Rb2 80. Kd7 Rb1 81. Kc7 Rc1+ 82. Kd6 Rb1 83. Kc6 Rc1+ 84. Kb5 Rb1+ 85. Ka6 Ra1+
86. Kb6 Rb1+ 87. Ka5 Ra1+ 88. Kb4 Rb1+ 89. Ka3 Rb6 90. Ka4 Rb1 91. Ka5 Ra1+ 92.
Kb4 Rb1+ 93. Kc3 Rb6 94. Kd2 Rb2+ 95. Kc1 Rb6 96. Rc8 Rxb7 1/2-1/2

[Event "1st Abu Dhabi Super Blitz"]
[Site "chess.com INT"]
[Date "2020.04.15"]
[Round "4"]
[White "Can, Isik"]
[Black "Yilmaz, Mustafa"]
[Result "0-1"]
[WhiteTitle "IM"]
[BlackTitle "GM"]
[WhiteElo "2380"]
[BlackElo "2630"]
[WhiteFideId "6383742"]
[BlackFideId "6302718"]
[EventDate "2020.04.15"]
[EventType "blitz"]

1. e4 e5 2. Nf3 Nc6 3. Bb5 a6 4. Bxc6 dxc6 5. O-O Bd6 6. d4 exd4 7. Qxd4 f6 8.
Be3 Ne7 9. Nbd2 Be6 10. Qc3 Qd7 11. Nc4 Bxc4 12. Qxc4 O-O-O 13. Rfd1 Ng6 14. h3
Rhe8 15. Rd4 Qe7 16. Rad1 c5 17. Rd5 b5 18. Qd3 Qxe4 19. Qxe4 Rxe4 20. Bxc5 Nf4
21. R5d2 Re2 22. Bxd6 Rxd6 23. Rxd6 cxd6 24. Nd4 Re4 25. Nf5 Kc7 26. Nxg7 Re2
27. a3 a5 28. Rd4 Ng6 29. c4 b4 30. axb4 axb4 31. Nf5 Rxb2 32. Nxd6 b3 33. Ne4
Rb1+ 34. Kh2 b2 35. Nc3 Rc1 36. Rd2 Rxc3 37. Rxb2 Rxc4 38. g3 Kd7 39. Ra2 Ke6
40. h4 h5 41. Ra5 Ne5 42. Kg2 Rc2 43. Ra6+ Kf5 44. Ra4 Ng4 45. Rf4+ Ke5 46. Rf3
f5 47. Rf4 Rc3 48. Ra4 Rc2 49. Rf4 Ra2 50. Kg1 Nf6 51. Rb4 Ne4 52. Rb5+ Ke6 53.
Rb6+ Kf7 54. Rh6 Nf6 55. Rh8 Kg7 56. Rb8 Ne4 57. Rb7+ Kf6 58. Rb6+ Ke5 59. Rb5+
Ke6 60. Rb6+ Nd6 61. Rb4 Rd2 62. Kg2 Ne4 63. Rb6+ Ke5 64. Rh6 Rxf2+ 65. Kg1 Rf3
66. Rxh5 Rxg3+ 67. Kf1 Rg4 68. Rh8 Kf4 69. h5 Kf3 70. h6 Rh4 71. Rg8 Rh1+ 72.
Rg1 Ng3+ 73. Ke1 Rxg1+ 0-1

[Event "1st Abu Dhabi Super Blitz"]
[Site "chess.com INT"]
[Date "2020.04.15"]
[Round "4"]
[White "Bartel, Mateusz"]
[Black "Bortnyk, Olexandr"]
[Result "1-0"]
[WhiteTitle "GM"]
[BlackTitle "GM"]
[WhiteElo "2648"]
[BlackElo "2598"]
[WhiteFideId "1112635"]
[BlackFideId "14120828"]
[EventDate "2020.04.15"]
[EventType "blitz"]

1. e4 Nf6 2. Nc3 d5 3. exd5 Nxd5 4. Bc4 Nb6 5. Bb3 c5 6. d3 Nc6 7. Nge2 Bg4 8.
f3 Bh5 9. Be3 e6 10. O-O Be7 11. Qe1 O-O 12. Qf2 Nd7 13. Nf4 Bg6 14. Nxg6 hxg6
15. Rae1 Rc8 16. g3 Bf6 17. h4 Re8 18. Kg2 Bd4 19. Rh1 Nf6 20. g4 Bxe3 21. Rxe3
Qd4 22. Re2 Qxf2+ 23. Rxf2 Nd4 24. Ne2 Nxe2 25. Rxe2 b5 26. c3 Red8 27. Rd1 Kf8
28. Kg3 Rd6 29. Re5 a5 30. a4 Nd7 31. Re2 b4 32. Bc4 Nb6 33. Bb5 Rcd8 34. Rc1
Nd5 35. cxb4 cxb4 36. Rc5 f6 37. Bc4 e5 38. Re4 Nf4 39. Rxf4 exf4+ 40. Kxf4 Re8
41. Rxa5 Rd4+ 42. Kg3 f5 43. gxf5 gxf5 44. Rxf5+ Ke7 45. Rf7+ Kd6 46. Rxg7 Re1
47. Rg6+ Ke7 48. h5 Rg1+ 49. Kf2 Rh1 50. Ke3 Rdh4 51. Rg4 Rxh5 52. b3 Re1+ 53.
Kd4 Kd6 54. Rg6+ Kc7 55. f4 Rf1 56. Rg7+ Kd6 57. Rg6+ Ke7 58. Re6+ Kd7 59. Re4
Kd6 60. Be6 Rh4 61. f5 Rh2 62. Kc4 Rd2 63. Rd4+ Kc6 64. Kxb4 Kc7 65. Rc4+ Kd6
66. Rc3 Rf4+ 67. Ka3 Rff2 68. Bc4 Rxf5 69. b4 Rd1 70. a5 Ra1+ 71. Kb3 Rb1+ 72.
Ka2 Rff1 73. Rc2 Ra1+ 74. Kb3 Rfe1 75. Kc3 Rg1 76. Re2 Rac1+ 77. Kd4 Rg4+ 78.
Re4 Rg6 79. b5 Ra1 80. a6 Kc7 81. Re7+ Kd6 82. Re4 Kc7 83. Rf4 Kb6 84. Ke5 Rg5+
85. Kf6 Rh5 86. Ke6 Rh8 87. Rf6 Ra8 88. Kd5+ Ka5 89. Kc6 Rb8 90. a7 Rb6+ 91. Kc7
Rxf6 92. a8=Q+ Kb4 93. Qxa1 Rf2 94. Qe1+ Ka4 95. Qxf2 Kb4 96. b6 Kc3 97. Qc5 Kd2
98. b7 Kc3 99. b8=Q Kd2 100. d4 1-0

[Event "1st Abu Dhabi Super Blitz"]
[Site "chess.com INT"]
[Date "2020.04.15"]
[Round "5"]
[White "Andriasian, Zaven"]
[Black "Bartel, Mateusz"]
[Result "1-0"]
[WhiteTitle "GM"]
[BlackTitle "GM"]
[WhiteElo "2606"]
[BlackElo "2648"]
[WhiteFideId "13302000"]
[BlackFideId "1112635"]
[EventDate "2020.04.15"]
[EventType "blitz"]

1. e4 e6 2. d3 d5 3. Nd2 Nf6 4. Ngf3 Nc6 5. g3 e5 6. Bg2 Bc5 7. O-O O-O 8. exd5
Nxd5 9. Re1 f6 10. c3 Kh8 11. Qc2 Bf5 12. Nh4 Bg4 13. b4 Bb6 14. Ba3 Re8 15. h3
Be6 16. b5 Nce7 17. c4 Nf4 18. gxf4 g5 19. fxg5 Rg8 20. Ne4 Nf5 21. Nxf5 Bxf5
22. c5 Ba5 23. Re3 fxg5 24. Bb2 h6 1-0

[Event "1st Abu Dhabi Super Blitz"]
[Site "chess.com INT"]
[Date "2020.04.15"]
[Round "5"]
[White "Baklan, Vladimir"]
[Black "Narayanan, S.L."]
[Result "1-0"]
[WhiteTitle "GM"]
[BlackTitle "GM"]
[WhiteElo "2587"]
[BlackElo "2618"]
[WhiteFideId "14102196"]
[BlackFideId "5058422"]
[EventDate "2020.04.15"]
[EventType "blitz"]

1. e4 e5 2. Nf3 Nc6 3. Bb5 a6 4. Ba4 Nf6 5. Nc3 Bc5 6. Bxc6 dxc6 7. d3 Qe7 8.
O-O O-O 9. Qe2 Bg4 10. h3 Bh5 11. Nd1 Rfe8 12. Ne3 Bxe3 13. fxe3 Nd7 14. g4 Bg6
15. Bd2 c5 16. b3 b5 17. c4 c6 18. Rf2 Rab8 19. Bc3 f6 20. Nh4 Nf8 21. Nf5 Qd7
22. h4 Red8 23. Rd1 Bf7 24. h5 bxc4 25. bxc4 Bxc4 26. h6 Bxd3 27. Qf3 g6 28.
Rxd3 Qxd3 29. Ne7+ Kf7 30. Qxf6+ Ke8 31. Qf7+ Kd7 32. Nd5+ Kc8 33. Qc7# 1-0

[Event "1st Abu Dhabi Super Blitz"]
[Site "chess.com INT"]
[Date "2020.04.15"]
[Round "5"]
[White "Giri, Anish"]
[Black "Grigoriants, Sergey"]
[Result "1-0"]
[WhiteTitle "GM"]
[BlackTitle "GM"]
[WhiteElo "2764"]
[BlackElo "2542"]
[WhiteFideId "24116068"]
[BlackFideId "4130804"]
[EventDate "2020.04.15"]
[EventType "blitz"]

1. e4 e5 2. Nf3 Nc6 3. Bc4 Bc5 4. O-O Nf6 5. d3 O-O 6. c3 d6 7. Re1 a6 8. a4 Ba7
9. h3 h6 10. Nbd2 Re8 11. b4 Be6 12. Bxe6 Rxe6 13. Bb2 Qd7 14. d4 exd4 15. cxd4
d5 16. e5 Ne4 17. Nxe4 dxe4 18. d5 Rg6 19. Rxe4 Qxh3 20. Nh4 Rg3 21. dxc6 g5 22.
Bd4 1-0

[Event "1st Abu Dhabi Super Blitz"]
[Site "chess.com INT"]
[Date "2020.04.15"]
[Round "5"]
[White "Grachev, Boris"]
[Black "Gabrielian, Artur"]
[Result "1-0"]
[WhiteTitle "GM"]
[BlackTitle "GM"]
[WhiteElo "2612"]
[BlackElo "2463"]
[WhiteFideId "4129199"]
[BlackFideId "4131002"]
[EventDate "2020.04.15"]
[EventType "blitz"]

1. Nf3 Nf6 2. c4 e6 3. Nc3 b6 4. e4 Bb7 5. Bd3 c5 6. Bc2 d6 7. d4 cxd4 8. Nxd4
a6 9. O-O Be7 10. b3 O-O 11. Bb2 Nbd7 12. f4 Re8 13. Qe2 Bf8 14. e5 dxe5 15.
fxe5 Nxe5 16. Qxe5 Bd6 17. Qg5 Bc5 18. Rad1 Bxd4+ 19. Kh1 e5 20. Ne2 h6 21. Qh4
Bxb2 22. Rxd8 Raxd8 23. Rxf6 gxf6 24. Qxf6 Rd7 25. Bh7+ Kxh7 26. Qf5+ Kg7 27.
Qxd7 Rb8 28. Qc7 1-0

[Event "1st Abu Dhabi Super Blitz"]
[Site "chess.com INT"]
[Date "2020.04.15"]
[Round "5"]
[White "Van Foreest, Jorden"]
[Black "Bordi, Kevin"]
[Result "1-0"]
[WhiteTitle "GM"]
[WhiteElo "2682"]
[BlackElo "2288"]
[WhiteFideId "1039784"]
[BlackFideId "621862"]
[EventDate "2020.04.15"]
[EventType "blitz"]

1. e4 d5 2. exd5 Qxd5 3. Nc3 Qa5 4. Bc4 Nf6 5. d3 c6 6. Bd2 Qc7 7. Nf3 Bg4 8. h3
Bxf3 9. Qxf3 e6 10. O-O Nbd7 11. a4 Bd6 12. Ne4 Nxe4 13. Qxe4 Nf6 14. Qf3 h6 15.
d4 Nd5 16. Rfe1 O-O-O 17. c3 g5 18. b4 Rhg8 19. Bf1 Bh2+ 20. Kh1 Bf4 21. Bxf4
Nxf4 22. b5 h5 23. g3 Nxh3 24. bxc6 g4 25. Qe3 h4 26. Rab1 b6 27. a5 hxg3 28.
axb6 Nxf2+ 29. Kg1 axb6 30. Ra1 Kb8 31. Bg2 Nh3+ 32. Kf1 Nf4 33. Qxg3 Nxg2 34.
Ra8+ 1-0

[Event "1st Abu Dhabi Super Blitz"]
[Site "chess.com INT"]
[Date "2020.04.15"]
[Round "5"]
[White "Narayanan, Srinath"]
[Black "Andreikin, Dmitry"]
[Result "0-1"]
[WhiteTitle "GM"]
[BlackTitle "GM"]
[WhiteElo "2540"]
[BlackElo "2726"]
[WhiteFideId "5018420"]
[BlackFideId "4158814"]
[EventDate "2020.04.15"]
[EventType "blitz"]

1. e4 e5 2. Nf3 Nc6 3. Bb5 Nf6 4. d3 Bc5 5. Bxc6 dxc6 6. Nbd2 Nd7 7. Nc4 Qe7 8.
Be3 b6 9. a4 a5 10. O-O Ba6 11. Bxc5 Qxc5 12. Ne3 O-O 13. Re1 Qd6 14. d4 Rad8
15. c3 Rfe8 16. Nf5 Qf6 17. Qd2 exd4 18. Qxd4 Ne5 19. Nxe5 Rxd4 20. cxd4 c5 21.
Ng4 Qg5 22. h3 h5 23. Nh2 g6 24. Nf3 Qd8 25. Nh6+ Kg7 26. Nxf7 Kxf7 27. dxc5
bxc5 28. h4 Bd3 29. Rad1 c4 30. e5 Qd5 31. Re3 Rb8 32. e6+ Ke8 33. Ng5 Rxb2 34.
Rf3 c3 35. Rdxd3 Qxd3 36. Rxd3 c2 0-1

[Event "1st Abu Dhabi Super Blitz"]
[Site "chess.com INT"]
[Date "2020.04.15"]
[Round "5"]
[White "Sychev, Klementy"]
[Black "Esipenko, Andrey"]
[Result "1-0"]
[WhiteTitle "GM"]
[BlackTitle "GM"]
[WhiteElo "2572"]
[BlackElo "2682"]
[WhiteFideId "4114060"]
[BlackFideId "24175439"]
[EventDate "2020.04.15"]
[EventType "blitz"]

1. e4 e5 2. Nf3 Nc6 3. d4 exd4 4. Nxd4 Nf6 5. Nxc6 bxc6 6. e5 Qe7 7. Qe2 Nd5 8.
g3 g6 9. c4 Nb6 10. b3 Bg7 11. f4 O-O 12. a4 d6 13. Bg2 Rb8 14. Ba3 c5 15. O-O
dxe5 16. Nc3 e4 17. Nxe4 Bd4+ 18. Kh1 f5 19. Rad1 fxe4 20. Rxd4 Bb7 21. Rdd1 e3
22. Bxb7 Rxb7 23. Rd3 Nd7 24. Rxe3 Qf6 25. Bb2 Qc6+ 26. Kg1 Rbb8 27. Re7 Rf7 28.
Rxf7 Kxf7 29. f5 Kg8 30. Qe7 Nf6 1-0